[Event "ISL-ISR"]
[Site "Reykjavik"]
[Date "1996.??.??"]
[Round "1"]
[White "Hjartarson, Johann"]
[Black "Psakhis, Lev"]
[Result "1-0"]
[WhiteElo "2570"]
[BlackElo "2610"]
[Annotator "Hjartarson,J"]
[PlyCount "101"]
[EventDate "1996.04.??"]
[EventType "team"]
[EventRounds "2"]
[EventCountry "ISL"]
[SourceTitle "CBM 053"]
[Source "ChessBase"]
[SourceDate "1996.08.01"]
[SourceVersion "1"]
[SourceVersionDate "1996.08.01"]
[SourceQuality "1"]

1. c4 {Ribli} e5 2. Nc3 d6 3. g3 {Ribli: Eine sehr schlaue Zugfolge.} (3. Nf3 {
Ribli} f5 4. d4 e4 5. Ng5 c6 6. g3 Be7 $1 {Das ist der Unterschied: Jetzt
treibt Schwarz den Springer sofort nach h3 zueruck.}) 3... f5 (3... Nc6 $5 {
Ribli}) (3... g6 $6 {Ribli} 4. d4 $1 exd4 $6 (4... Nd7 $5) 5. Qxd4 $1 $14) 4.
Bg2 Nf6 5. d4 Be7 6. Nf3 e4 7. Ng5 c6 8. d5 $5 {Ribli: Normeleweise steht in
dieser Variante -mit anderer Zugfolge- der weisse Springer schon auf h3 und
dann kann Schwarz Nbd7 /\ Ne5 spielen.} (8. O-O d5 $5) 8... Na6 (8... Nxd5 9.
cxd5 (9. Ngxe4 $5 Nxc3 (9... Nb6 10. Nd2 $14) 10. Nxc3 $14) 9... Bxg5 10. Bxg5
Qxg5 11. dxc6 Nxc6 12. Qxd6 Qe7 {1/2-1/2/Adorjan,A/VaulinA/Zalaegerszeg/1991}
13. Qxe7+ Nxe7 14. O-O-O $14) 9. Nh3 Nc7 (9... c5 $6 {Ribli} 10. O-O O-O 11. f3
exf3 12. exf3 $14 {Lautier,J-Magem Badals,J/Pamplona/1992/}) 10. a4 $5 {
Ribli: [#] Eine gute Idee von dem besten islaendischen Spieler: Er will
einfach das spaetere schwarze Spiel - b5 - am Damenfluegel verhindern.} (10.
O-O O-O (10... b5 $5 11. cxb5 cxb5 12. f3 (12. a3 $5) 12... exf3 13. Bxf3 O-O
14. a3 Nd7 15. Nf4 Ne5 16. Bg2 Rb8 17. Nd3 a5 $13 {Ruck,R-Rowson,J/Guarapuava/
1995}) 11. f3 b5 $5 (11... cxd5 12. cxd5 exf3 13. Bxf3 (13. exf3 $5) 13... Nd7
14. Be3 Ne5 15. Bd4 Bf6 16. Nf4 Qe8 17. Rc1 g5 18. Ne6 Nxf3+ 19. exf3 Nxe6 20.
dxe6 Bxe6 {1/2-1/2/Neurohr,S/Lau,R/BL 8990}) (11... exf3 12. exf3 c5 $6 (12...
cxd5 {Ribli} 13. cxd5 b5 14. b4 (14. a3 Bb7 15. Nf4 a5 $132 {Wiedenkeller,
M-Mokry,K/EUCup f/ 1993/CBM39/}) 14... a5 $1 $132 {Gulko,B-Short,N/Elenite/
1995/CBM50/INF64,23/}) 13. Re1 (13. a3 $1 {/\ 14.b4+/- Ribli}) 13... Re8 (13...
Nd7 14. Nf4 Ne5 15. b3 Bf6 16. Bb2 $14 {Moran,A/Larduet,C/Capablanca mem-C/TD
92/05/1992/1/2-1/2(30)}) 14. Qc2 $14 {Lautier,J-Magem Badals/Pamploma CBM 33/
1992/1-0(36)/by transposition}) 12. cxb5 (12. dxc6 $5 bxc4 13. fxe4 fxe4 14.
Bg5 d5 15. Nf4 $13 {Ribli}) 12... Nxb5 13. Nxb5 cxb5 14. Be3 Qa5 $5 15. Nf4 Bd8
16. Kh1 Bb6 17. Bd2 Qa4 18. Qxa4 (18. Bc3 $10) 18... bxa4 19. Bb4 g5 $1 20. Nh3
(20. Ne6 $2 Nxd5 $1 21. Nxf8 Nxb4 22. fxe4 Kxf8 23. exf5 Rb8 $17) 20... exf3
21. exf3 Nxd5 22. Bd2 Ne3 $15 {Hansen,Cu-Vaganian,R/Ter Apel CBM 35/1993/0-1
(66)}) 10... O-O 11. O-O c5 $6 (11... cxd5 12. cxd5 b6 13. f3 exf3 14. Bxf3 Bb7
$2 (14... Nd7 $1 15. Nf4 Ne5 16. Bg2 $14) 15. Nf4 $16 {Sunye Neto,J-De Souza,A/
ch-Brazil 1995/}) (11... a5 $5 {/\Na6}) 12. f3 exf3 13. exf3 Nd7 14. b3 Bf6 15.
Bb2 $32 $14 Ne5 16. Qd2 {Ribli: Hier steht die Dame besser als c2, weil die
den wichtigen e3-Punkt kontrolliert.} Ng6 $6 {/\ f4} (16... b6 17. Nf2 a6 18.
f4 Nf7 19. Nd3 Rb8 20. b4 $14) 17. f4 $16 {xNg6  Ribli: [#] Jetzt steht der
g6-Springer ein bisschen abseits von Spiel.} h6 18. Nf2 Bd7 19. Rfe1 Bd4 $6 {
Droht /\ Qf6 und dann wacht der Nachziehende zwei Diagonale /^ b2-d4 und /^
f2-d4.} (19... b6 $142) (19... a6 $5 {Ribli}) 20. Nb5 Bxb2 21. Qxb2 Ne8 (21...
Nxb5 22. axb5 Qb6 23. Bf3 $1 $16 a6 $140 24. Bh5) 22. Bf3 a6 23. Nc3 {Droht /\
b4} a5 $2 {Ribli: Msn spielt solcher Zug nicht gern, aber jetzt wurde Schwarz
erzwungen , sonst kommt b4 und die schwarze Damenfluegel bricht zusammen.} (
23... b6 24. Re3 $16 {()}) 24. Nb5 {xb5,e6  [#] Der Nachziehende geraet nun in
eine sehr passive Lage, und Weiss kann jetzt in aller Ruhe seine Stellung
verstaerken, ohne der Nachziehende ueber ein Gegenspiel verfuegt.} Qf6 25. Qxf6
Rxf6 26. Re3 Rd8 27. Rae1 Kf8 28. h4 $1 Nh8 29. h5 $18 {x Pf5,x g6} Rf7 30. Nd3
Rf6 {Ribli: [#] Unglaublich aber wahr beide Spielern haben noch 13 Figuren am
Brett -nur 3-3 getauscht wurde- und der Nacziehende ist fast im Zugzwang.} 31.
R1e2 Rf7 32. Ne1 Rf6 33. Ng2 Rf7 34. Re1 Rf6 35. Bd1 Rf7 36. Nh4 Rf6 37. Bc2 g5
$138 (37... Rf7 38. Bxf5 $1 {[#]} Bxf5 39. Nxf5 (39. Rxe8+ {Ribli} Rxe8 40.
Rxe8+ Kxe8 41. Nxd6+ Kf8 42. Nxf7 Nxf7 43. Nxf5) 39... Rxf5 40. Rxe8+ Rxe8 41.
Rxe8+ Kxe8 42. Nxd6+ Kd7 43. Nxf5 $18) 38. hxg6 Ng7 (38... Nxg6 39. Nxf5 $1
Bxf5 40. Bxf5 Rxf5 41. Rxe8+ $18 (41. Rxe8+ {Ribli} Rxe8 42. Rxe8+ Kxe8 43.
Nxd6+ Kd7 44. Nxf5 $18)) 39. g4 $1 fxg4 (39... Nxg6 40. g5 $18 (40. g5 {Ribli}
hxg5 41. fxg5 $18)) 40. f5 Re8 (40... Nxf5 41. Bxf5 Bxf5 42. Rf1 $18) (40...
Bxf5 {Ribli} 41. Rf1 $18) 41. Nc7 Rc8 (41... Rxe3 {Ribli} 42. Rxe3 Bxf5 43.
Bxf5 Nxf5 44. Re8+ Kg7 45. Ne6+ Rxe6 46. Nxf5+ $18) 42. Ne6+ Bxe6 43. dxe6 Ke7
44. Rg3 h5 {Ribli: Jetzt kann der schwarze Springer nicht mehr nach h5 gehen.}
45. Be4 Rff8 46. Rd3 Rcd8 47. Kh2 Kf6 48. Kg3 Rfe8 49. Red1 Ke5 50. Rd5+ Kf6 (
50... Kxe4 51. Re1#) 51. Rxd6 (51. Rxd6 Rxd6 52. Rxd6 Ke5 53. Rd7 Nxe6 54. fxe6
Kxe4 55. g7 $18) 1-0

[Event "Sigeman & Co 03rd"]
[Site "Malmo"]
[Date "1995.??.??"]
[Round "4"]
[White "Hjartarson, Johann"]
[Black "Vescovi, Giovanni P"]
[Result "1-0"]
[WhiteElo "2590"]
[BlackElo "2465"]
[Annotator "Hjartarson,J"]
[PlyCount "85"]
[EventDate "1995.05.??"]
[EventType "tourn"]
[EventRounds "9"]
[EventCountry "SWE"]
[EventCategory "12"]
[SourceTitle "CBM 048"]
[Source "ChessBase"]
[SourceDate "1995.10.01"]
[SourceVersion "1"]
[SourceVersionDate "1995.10.01"]
[SourceQuality "1"]

1. c4 {Ribli} d6 2. Nc3 e5 3. g3 g6 4. d4 Bg7 5. Nf3 exd4 6. Nxd4 Ne7 7. Bg2
O-O (7... Nbc6 $5 8. Nxc6 Nxc6 (8... bxc6 9. h4 (9. Bg5 $5) 9... h6 10. Bf4 Be6
11. Qd3 Rb8 12. b3 O-O 13. Rd1 c5 14. Qd2 (14. O-O $14) 14... Kh7 15. O-O Qc8
16. Kh2 Rb4 17. Qc2 Bf5 18. Qc1 $14 {Uhlmann-Azmayparashvili/Berlin/1989}) 9.
Bf4 $1 Be6 10. Rc1 O-O (10... Bxc4 $2 11. Qa4 Be6 12. Bxc6+ bxc6 13. Qxc6+ Kf8
(13... Bd7 14. Qe4+ $16) 14. Nd5 Bxd5 15. Qxd5 $16 {/\15...Bb2 16.Rc7+-}) 11.
b3 Qd7 12. O-O (12. Nd5 $5) 12... Bh3 13. Nd5 {Uhlmann,W-Schoeneberg,M/DDR/
1972/INF13,44/} Bxg2 14. Kxg2 Rad8 15. Qd2 $14 {Uhlmann-Schoeneberg/DDR 1972/
Inf13/44}) 8. O-O (8. Bg5 $2 h6 9. Be3 a6 $1 10. Rc1 c5 11. Nb3 Nf5 12. Bf4 Nc6
13. O-O Be6 14. e4 Nfd4 $15 {Milos-Azmayparashvili/CapablancaMem/1988}) 8...
Nbc6 (8... Nd7 $5 {Ribli}) 9. Nxc6 (9. Nc2 $6 Ne5 10. Ne3 Nf5 11. Nxf5 Bxf5 12.
Qb3 Rb8 13. Be3 Be6 14. Bd5 Bh3 $10 {Yasinsky-Egiazarjan/Moskva/1995}) 9...
Nxc6 (9... bxc6 10. Bg5 $1 Rb8 11. Qd2 c5 12. b3 Be6 13. Rad1 $16 {
Magerramov-Kantsler/Podolsk/1989}) 10. Bd2 (10. Bf4 $6 Be6 $10) 10... Be6 11.
b3 $32 $14 Qd7 12. Re1 {Ribli Weiss will den weissfeldrigen B behalten und
weiterhin die h1-a8 Diagonale kontrollieren.} Rab8 (12... Bh3 {Ribli} 13. Bh1
$14) 13. Rc1 Ne5 $6 {Dieser Zug fuehrt nur zur Tempoverlust. Besser waere >=
13... Ne7.} (13... h6 {/\Kh7,f5}) 14. f4 Nc6 (14... Ng4 15. h3 Nf6 16. Kh2 d5
17. cxd5 Nxd5 18. Nxd5 Bxd5 19. Bb4 Rfd8 20. Qxd5 Qxd5 21. Bxd5 Rxd5 22. Rxc7
$16) 15. Nd5 $16 Ne7 16. Bc3 {Ribli Weiss will natuerlich diesen B tauschen
und dann gegen die geschwaechte schwarze Koenigstellung angreiffen.} f6 (16...
Bxc3 {Ribli} 17. Rxc3 Nxd5 18. cxd5 Bg4 19. Qc2 Rbc8 20. Rc1 $16) 17. e4 c6 18.
Ne3 {Den Springer behalten ist eine richtige Entscheidung.} (18. Nxe7+ Qxe7 19.
f5 Bf7 20. Qd2 $16) 18... Rbd8 19. Qd2 Qe8 20. Qb2 Qf7 21. Qa3 Nc8 (21... d5 $2
{Ribli} 22. exd5 cxd5 23. Bb4 $18) 22. f5 {Ribli Der Anziehende verbessert
seine Stellung thematisch durch Raumgewinn. Der einzige Nachteil des
Partiezugs ist, dass Weiss den e5-Punkt uebergibt, aber der schwarze N hat
keine Chance ihn zu besetzen.} Bd7 23. Rcd1 Rde8 24. Qb2 Bh6 25. Ng4 Bg7 26.
Qf2 gxf5 27. exf5 Rxe1+ (27... Qh5 28. Ne3 Bh6 29. g4 $1 Qg5 (29... Bxe3 30.
Rxe3 Qxg4 $2 31. Rg3 $16) 30. Bd2 $16) 28. Rxe1 h5 (28... Re8 $2 {Ribli} 29.
Rxe8+ Bxe8 30. Bxf6 $1 Bxf6 31. Nh6+ $18) 29. Ne3 Re8 30. h4 $1 {xh5 Jetzt
bleibt den h5-Bauern fuer "ewig" schwach.} Kh7 31. Kh2 Bh6 32. Nc2 Rxe1 33.
Bxe1 a6 34. Nd4 Qe7 35. Bc3 Qe3 36. Qf3 $1 $18 {Schwarz kann den h5P nicht
mehr gut behalten.} Ne7 (36... Qxf3 37. Bxf3 Be8 (37... Ne7 38. Bxh5 Nxf5 39.
Nxf5 Bxf5 40. Bxf6 $18) 38. Ne6 $18) (36... Be8 {Ribli} 37. Ne6 Qxf3 38. Bxf3
Bg7 39. Nd8 Ne7 40. Nxb7 Nxf5 41. Be4 $18) (36... Qe8 {Ribli} 37. Ne6 Bxe6 38.
fxe6 Qxe6 39. Bh3 $18) 37. Qxh5 Qxc3 38. Qf7+ Kh8 (38... Bg7 {Ribli} 39. Qxe7
Qxd4 40. Qxd7 $18) 39. Qxe7 Qxd4 40. Qd8+ Kg7 41. Qxd7+ Kf8 42. Qc8+ Kg7 43.
Qxb7+ {Diese Partie ist ein Lehrbeispiel zum Thema, wie man eine positionelle
vorteilhafte Stellung ohne Risiko zum Sieg verwerten kann.} 1-0

[Event "Interpolis-02"]
[Site "Tilburg"]
[Date "1978.09.15"]
[Round "11"]
[White "Huebner, Robert"]
[Black "Ljubojevic, Ljubomir"]
[Result "1-0"]
[WhiteElo "2595"]
[BlackElo "2605"]
[Annotator "Huebner,R"]
[PlyCount "81"]
[EventDate "1978.09.01"]
[EventType "tourn"]
[EventRounds "11"]
[EventCountry "NED"]
[EventCategory "14"]
[SourceTitle "MCL"]
[Source "ChessBase"]
[SourceDate "1999.07.01"]
[SourceVersion "1"]
[SourceVersionDate "1999.07.01"]
[SourceQuality "1"]

1. c4 e5 2. Nc3 d6 3. g3 Be6 (3... g6) 4. Bg2 c6 (4... Nc6 5. Nd5 {/\ b2-b4-b5}
) 5. d3 (5. b3 d5 $5 6. cxd5 cxd5 7. Nf3 Nc6 8. O-O d4 9. Na4 Nf6 10. Ng5 Bg4
$10 {Smyslov-Bronstein, 1968}) 5... f5 $2 (5... Nf6) (5... g6 $142 {/\ 6...Bg7}
) 6. f4 $1 Nf6 (6... g6 7. Nf3 Bg7 8. e4 Ne7 {e.g.} 9. Ng5 Bc8 10. Be3 $14) 7.
Nf3 Nbd7 (7... exf4 8. Bxf4) (7... e4 8. Nd4 Qd7 9. dxe4 fxe4 10. Nxe4 Nxe4 11.
Bxe4 Bxc4 12. Qc2) 8. O-O g6 (8... Be7 $2 9. fxe5 dxe5 (9... Nxe5 10. Nd4 Qb6
11. e3 Bd7 12. Nxf5) 10. Ng5 Nf8 11. Nxe6 Nxe6 12. Rxf5) (8... exf4 9. Bxf4
Qb6+ 10. Kh1 Qxb2 11. Qe1 {(/\ 12.Rb1, 12.Nd4, 14.e4)} Qb6 12. Rb1 Qc7 13. e4
$36) 9. Ng5 $5 (9. e4 fxe4 10. Ng5 Bg4) 9... Bg8 10. e4 h6 11. Nf3 (11. Nh3
Qb6+ 12. Kh1 Be6 13. Qe2 Bg7 14. Be3 Qc7) 11... fxe4 12. Nh4 $1 Bf7 (12... Qb6+
13. Kh1 exd3 14. Nxg6 Rh7 15. Nxf8 Kxf8 (15... Nxf8 16. fxe5 N6d7 17. exd6 $18)
16. fxe5 dxe5 17. Qxd3) (12... Bh7 13. dxe4 exf4 14. gxf4 Nxe4 $2 15. Qe1 $18)
13. Nxe4 (13. dxe4 Bxc4 (13... exf4 14. gxf4 Bxc4 15. Re1) 14. Nxg6 Rg8 15.
Nxf8 Qb6+ 16. Kh1 (16. Rf2 Ng4) 16... Bxf1 $17) 13... Be7 (13... Qe7 $5 14. f5
$5 g5 15. Ng6 Bxg6 16. fxg6) (13... exf4 14. Bxf4 Nxe4 (14... g5 15. Nxd6+ Bxd6
16. Bxd6 Qb6+ 17. Kh1 gxh4 18. Qe2+ Kd8 19. Qe7+ Kc8 20. Qxf7 $18) 15. Bxe4 g5
16. Ng6 Rg8 17. Nxf8 Nxf8 18. Be3 $16) 14. Qe2 Nxe4 (14... O-O 15. f5) (14...
Qc7 15. fxe5 dxe5 (15... Nxe4 16. e6) 16. Be3 $16) 15. Qxe4 Bxh4 (15... Nf6 $5)
(15... Nc5 16. Qe2 exf4 (16... Bxh4 17. gxh4 Qxh4 (17... Qe7 18. fxe5 dxe5 (
18... Qxe5 19. Qf2 {/\ 20.Qxf7+, 20.Re1, 20.d4}) 19. Be3 $16 {e.g.} O-O-O (
19... Rd8 20. Rad1 Ne6 21. Qg4 Nd4 22. Be4 Rd6 23. Rd2 $36) (19... Ne6 20. Qf2
Rd8 21. Be4 Nd4 22. Rae1 $16) 20. Rxf7) 18. fxe5 Qd4+ (18... O-O 19. Be3 Rae8
20. exd6 {/\ 21.Qd2 +-}) 19. Be3 Qxd3 (19... Qxe5 20. d4 Bxc4 21. Qxc4 Qxe3+
22. Kh1 O-O-O 23. Rf3 Qg5 (23... Qe6 24. Bh3 $18) (23... Qe4 24. Rc3 $18) 24.
Rg3 {/\ 25.dxc5 +-}) 20. Qf2 Bxc4 (20... Rh7 21. Bxc5 dxc5 22. e6 $18) (20...
O-O 21. Bxh6 $18) (20... O-O-O 21. Bxc5 $18) (20... Qxc4 21. Qf6 Rf8 22. exd6 {
/\ 23.Qe7# +-}) 21. Bxc5 dxc5 22. Qf6 Rg8 23. Rad1 Qe3+ 24. Kh1 {(/\ 25.Bxc6+,
25.e6) e.g.} Bxf1 25. Qe6+ Kf8 26. Rxf1+ Kg7 27. Rf7+ $18) 17. Rxf4 g5 (17...
O-O 18. d4 Ne6 19. Re4) 18. Rxf7 Kxf7 19. Qh5+ Kf8 (19... Kg7 20. Qg6+ Kf8 21.
Bxg5 $18) 20. Ng6+ (20. Bxg5 Bxg5 21. Rf1+ Bf6 22. Qg6 Nd7 23. Bh3 Rg8 (23...
Qe8 24. Rxf6+ Nxf6 25. Qxf6+ Kg8 26. Be6+ Kh7 27. Bf7 (27. Nf5 Qf8 28. Bf7 Rg8
29. Bxg8+ Kxg8 30. Qg6+ Kh8 31. Nxd6 Qg7 32. Nf7+ $13) 27... Qe1+ 28. Kg2 Rhg8
29. Bg6+ Rxg6 30. Qxg6+ Kh8 31. Qxh6+ (31. Nf5 Qd2+ 32. Kh3 Qg5) 31... Kg8 32.
Qg6+ Kf8 (32... Kh8 33. Nf5 Qe5 34. d4 Qe2+ 35. Kh3 Qf1+ 36. Kh4 $18) 33. Qxd6+
$18) 24. Qxh6+ Ke8 25. Qh5+ Ke7 (25... Kf8 26. Bxd7 $18) 26. Qh7+ Kf8 (26...
Rg7 27. Nf5+) 27. Ng6+ (27. Bxd7 Rg7 $13) 27... Rxg6 28. Qxg6 {/\ 29.Bxd7 +-})
20... Kg7 21. Nxh8 Qxh8 22. d4 Nd7 (22... Nd3 23. Qe2) (22... Ne6 23. Qe2 {
/\ 24.d5}) 23. Bd2 $14) 16. fxe5 $1 (16. gxh4 Qxh4) 16... dxe5 (16... Nxe5 $6
17. gxh4 Qe7 $8 18. Re1 c5 19. Qxb7 Qxb7 20. Bxb7 Rb8 21. Be4 $18) (16... d5
17. cxd5 cxd5 18. Qxh4 $16) (16... Bg5 17. e6 Nf6 18. exf7+ Kxf7 19. Bxg5 hxg5
20. Qd4 {(/\ 21.Rxf6+)} Kg7 21. Rae1 {(/\ 22.Re6) +-}) (16... Be7 17. exd6 Nc5
18. dxe7 Qxe7 (18... Qxd3 19. Qe5 $18) 19. Qd4 $18) 17. gxh4 Qe7 18. Be3 $2 (
18. h5) (18. Qf3 $6 Be6) (18. Bh3 $6 Nc5 $132 19. Qe3 (19. Qf3 Rd8 20. Rd1 Qxh4
{/\ 21...0-0}) (19. Qe2 Rd8 20. Rd1 (20. Rf3 e4 21. dxe4 Qxh4 $10) 20... Rd4
$40) 19... Rd8 $36 {e.g.} 20. Rd1 Bxc4) (18. d4 $6 Bxc4 19. Qxg6+ Bf7 (19...
Kd8 $2 20. Bxh6) 20. Qf5 Be6) (18. b4 O-O-O (18... Qxb4 19. Be3 (19. Bf4 Qe7
20. Rae1 Qxh4 21. Bxe5 Qxe4 22. Rxe4 O-O 23. Bd6 Rfe8 24. Ref4 Be6) 19... Qe7 (
19... O-O 20. Bxh6 $18) 20. Rab1 O-O-O (20... Nb6 21. a4 {(/\ 22.a5)} Rh7 (
21... Nxa4 22. Rxb7 Qxb7 23. Qxe5+ $18) (21... O-O 22. Bxh6 $18) 22. a5 Nc8 23.
a6 (23. Rxb7 $18) 23... Nd6 24. axb7 $18) (20... Nf6 21. Qf3 Nh5 22. Rxb7 Qxb7
23. Qxc6+ Qxc6 24. Bxc6+ $18 {e.g.} Ke7 25. Bc5+ Ke6 26. Bd5+) (20... Nc5 21.
Bxc5 Qxc5+ 22. Kh1 Qe7 (22... Rb8 23. Qxc6+ (23. Rxb7 Rxb7 24. Qxc6+ Qxc6 25.
Bxc6+ Ke7 26. Bxb7 Rb8 $132) 23... bxc6 (23... Qxc6 24. Bxc6+ Ke7 25. Bxb7 {
/\ 26.Be4 +/-}) 24. Rxb8+ Ke7 25. Rxh8 {/\ 26.Rh7 +-}) (22... O-O 23. Rxb7 {
/\ 24.Rfxf7, 24.Qxc6 +-}) 23. Rxb7 Qxb7 24. Qxe5+) 21. Rxb7 $18) (18... a5 19.
b5 Nc5 20. Qf3 cxb5 (20... Rc8 21. Re1 {/\ 22.d4, 22.b6!?}) 21. cxb5 Rd8 22.
Ba3 O-O 23. b6 Qd6 24. Qe3) 19. Be3 Nf6 $2 20. Qf3) 18... Nc5 19. Bxc5 Qxc5+
20. Kh1 O-O 21. Rf6 $14 Kg7 22. Raf1 Qe7 (22... Rad8 $2 23. h5 Rd6 (23... gxh5
24. Qf5 Qe7 25. Be4) (23... g5 24. Rxf7+ $1) 24. b4 $1 (24. Qf3 $2 Bd5 $3)
24... Qd4 (24... Qxb4 25. Qxe5) 25. Qf3 $1 $18 {/\} Bd5 26. Rxg6+ $1) 23. Qe3 (
23. h5 Qxf6) 23... Qxf6 (23... Rad8) 24. Rxf6 Kxf6 25. Qxh6 Rae8 26. Qg5+ Ke6
$6 (26... Kg7 {/\} 27. h5 $5 Rh8 28. hxg6 Bxg6 29. Be4 Rh6) 27. Be4 Rg8 28. c5
$1 {/\ h5} Kd7 29. Qf6 Be6 (29... Bxa2) 30. Qxe5 Bxa2 31. Qd6+ Kc8 32. h5 Re6 (
32... gxh5 $4 33. Bf5+) 33. Qg3 Bd5 34. Bxd5 cxd5 35. Qg4 Kd7 36. h6 $1 $18 Ke7
(36... Rh8) 37. Qg5+ Kf7 38. Qf4+ Ke7 39. Qd4 Rf6 40. Qe5+ Re6 41. h7 $1 1-0

[Event "ESP-chT"]
[Site "Salamanca"]
[Date "1998.09.05"]
[Round "1"]
[White "Illescas Cordoba, Miguel"]
[Black "Arencibia Rodriguez, Walter"]
[Result "1-0"]
[WhiteElo "2605"]
[BlackElo "2550"]
[Annotator "Illescas Cordoba,M"]
[PlyCount "51"]
[EventDate "1998.09.05"]
[EventType "team"]
[EventRounds "9"]
[EventCountry "ESP"]
[SourceTitle "EXT 1999"]
[Source "ChessBase"]
[SourceDate "1998.11.16"]
[SourceVersion "1"]
[SourceVersionDate "1998.11.16"]
[SourceQuality "1"]

1. c4 e5 2. Nc3 d6 3. d4 exd4 4. Qxd4 Nc6 5. Qd2 g6 6. b3 Bg7 7. Bb2 Nf6 8. g3
O-O 9. Bg2 Bf5 $146 10. Nh3 $14 {[%csl Gd5][%cal Yh3f4]} Re8 11. Nf4 Ne5 $6 (
11... Ne4 12. Nxe4 Bxe4 13. f3 Bxb2 14. Qxb2 Bf5 15. e4 Ne5 16. O-O $14) 12.
O-O {[%csl Yb7]} (12. Bxb7 c6) 12... c6 $6 {[%csl Rd6][%mdl 16384]} (12... Rb8
$142) 13. e4 Bg4 14. f3 Qb6+ 15. Kh1 Bd7 16. Rad1 $16 {[%csl Rd6] קd6} g5 (
16... Rad8 17. Na4 Qc7 18. Qxd6 Qxd6 19. Rxd6 $16) (16... Bf8 17. Ba3 Rad8 18.
Bxd6 $16 {[%cal Yc4c5]}) 17. Nd3 $1 {[%csl Ge5,Yg5]} (17. Nfe2 g4 18. f4 Nf3
$132) 17... g4 $6 (17... Nxd3 18. Qxd3 $16) 18. Nxe5 $1 dxe5 19. f4 $1 $18 {
[%csl Gd1,Rd7,Ye5,Gf1][%cal Yc3a4] /\Na4 ץd7} Rad8 (19... Be6 20. Na4) (19...
exf4 20. Qxf4 {[%csl Rd7,Rf6,Rf7,Rg4]}) (19... Bh6 20. Na4 Qc7 21. Qe2 exf4 22.
Bxf6 f3 23. Bxf3 gxf3 24. Qxf3 Be6 25. Qh5 Be3 26. Rf4 $18 {[%csl Rg8]}) 20.
fxe5 $1 Rxe5 (20... Be6 21. Nd5) 21. Na4 Qc7 22. Qf4 $1 Rde8 23. Bxe5 Rxe5 (
23... Qxe5 24. Qxe5 Rxe5 25. Rxf6) 24. Rxd7 Nxd7 25. Qxf7+ Kh8 26. Rd1 1-0